000 00927nam a2200289 i 4500
003 DO-SdBNP
005 20260321073646.0
007 ta
008 250514b2024 |||||||| |||| 00| 0 spa d
020 _a9789945587357
040 _aDO-SdBNP
_bspa
_cBNPHU
_erda
041 _aspa
082 4 _axxx
_bB742te
_222
100 1 _a Bosch, Juan,
_d1909-2001
_eautor
_4aut.
_976555
245 1 0 _aTemas económicos :
_bantología de textos 1971-1991 /
_cJuan Bosch ; compilación, Airón Fernández Gil.
250 _aPrimera edición
264 _aSanto Domingo :
_bFundación Juan Bosch,
_c2024.
300 _a703 páginas ;
_c24 cm
336 _ardacontent
_btexto
_2txt
337 _ardamedia
_bsin mediación
_2n
338 _ardacarrier
_bvolumen
_2nc
490 0 _aColección Bosch vive
590 _aInventariado, 2025/DG
700 _aFernández Gil, Airón
_ecompilador
_4aut.
_987783
910 _aDG
942 _2ddc
_cLBS1
999 _c58304
_d58304